Countries with Nuclear Weapons - Statistics

General Stats
  • This quiz has been taken 42 times
  • The average score is 8 of 9
Answer Stats
Hint Answer % Correct
5428 United States
100%
350 China
95%
290 France
95%
5977 Russia
95%
225 United Kingdom
95%
160 India
92%
20 North Korea
86%
165 Pakistan
76%
90 Israel
70%
No matching quizzes found
Score Distribution
Percent of People with Each Score
Percentile by Number Answered
Your Score History
You have not taken this quiz